| 000 | 00522nam a2200181Ia 4500 | ||
|---|---|---|---|
| 003 | GCL | ||
| 008 | 140319s9999 xx 000 0 eng d | ||
| 040 |
_aGCL / _cGCL |
||
| 082 | 0 | 4 |
_a658.4038 _bCC |
| 100 | 1 | _aCASH, JAMES I. | |
| 245 | 1 | 0 |
_aCOOPERATION INFORMATION SYSTEMS MANAGEMENT: TEXT AND CASES, 3rd ed / _cCASH, JAMES I. |
| 700 | 1 | _aMCFARLAN, F. WARREN | |
| 700 | 1 | _aMCKENNEY, JAMES M. | |
| 260 |
_a[S.N] : _bIRWIN ، _c1992 |
||
| 300 | _a207 P | ||
| 650 | 0 | 4 | _aMANAGEMENT - INFORMATION SYSTEM |
| 942 |
_2ddc _cBK |
||
| 999 |
_c19257 _d19257 |
||